000 00914nam a2200205Ia 4500
005 20240530110240.0
008 140319s1981 xx 000 0 ara d
040 _aGCL /
_cGCL
082 0 4 _b413 /
_bب ك
100 1 _aابى محمد عبدالله بن برى المصرى
245 1 0 _aكتاب التنبيه والايضاح عما وقع فى الصحاح /
_cتاليف ابى محمد عبدالله بن برى المصرى ؛ محقق مصطفى حجازى ، عبدالعليم الطحاوى
_nالجزء الثانى
260 _aالقاهرة :
_bالهيئة المصرية العامة للكتاب،
_c1981
300 _a344 ص
650 0 4 _aاللغة العربية
650 0 4 _aالمعاجم
700 1 _aعبدالعليم الطحاوى
_eمحقق
700 1 _aعبدالسلام هارون
_eمحقق
942 _2ddc
_cREF
999 _c59498
_d59498